[Event "Avoine op 32nd"]
[Site "Avoine"]
[Date "2017.07.22"]
[Round "4"]
[White "Dupont, Victor"]
[Black "Ballandras, Marc"]
[Result "1-0"]
[WhiteElo "1998"]
[BlackElo "1765"]
[PlyCount "91"]
[EventDate "2017.07.22"]
[EventType "swiss"]
[EventRounds "9"]
[EventCountry "FRA"]
[SourceTitle "CBM 179 Extra"]
[Source "ChessBase"]
[SourceDate "2017.08.23"]
[SourceVersion "1"]
[SourceVersionDate "2017.08.23"]
[SourceQuality "1"]

1. c4 Nf6 2. g3 g6 3. Bg2 Bg7 4. Nc3 0-0 5. b3 d6 6. Bb2 e5 7. e3 Nc6 8. a3 Rb8 9. Nge2 Re8 10. d3 Be6 11. d4 exd4 12. Nxd4 Nxd4 13. Qxd4 Nd5 14. Qd2 Nxc3 15. Bxc3 Bxc3 16. Qxc3 Qg5 17. 0-0 Qe5 18. Qd2 Bf5 19. Rfe1 Be4 20. f3 Bc6 21. b4 Bd7 22. c5 d5 23. f4 Qf6 24. Bxd5 Rbd8 25. Qd4 Qxd4 26. exd4 c6 27. Bb3 Rxe1+ 28. Rxe1 Kf8 29. Kf2 Bf5 30. Ke3 Kg7 31. Rd1 Be6 32. Bxe6 fxe6 33. Rb1 a6 34. a4 Kf6 35. Ke4 h5 36. h3 Rd7 37. b5 axb5 38. axb5 Rg7 39. bxc6 bxc6 40. Rb6 Rc7 41. g4 hxg4 42. hxg4 g5 43. fxg5+ Kxg5 44. Ke5 Kxg4 45. Kxe6 Kf4 46. Kd6 1-0

[Event "Avoine op 28th"]
[Site "Avoine"]
[Date "2013.07.26"]
[Round "7"]
[White "Ballandras, Marc"]
[Black "Goupil, Arnaud"]
[Result "0-1"]
[WhiteElo "1867"]
[BlackElo "2148"]
[PlyCount "74"]
[EventDate "2013.07.20"]
[EventType "swiss"]
[EventRounds "9"]
[EventCountry "FRA"]
[SourceTitle "CBM 155 Extra"]
[Source "ChessBase"]
[SourceDate "2013.08.26"]
[SourceVersion "1"]
[SourceVersionDate "2013.08.26"]
[SourceQuality "1"]

1. c4 c6 2. Nf3 d5 3. b3 Bf5 4. g3 e6 5. Bg2 Nd7 6. Bb2 Ngf6 7. d3 Be7 8. Nbd2 0-0 9. 0-0 h6 10. Rc1 a5 11. a3 Qb6 12. Nd4 Bh7 13. cxd5 exd5 14. Bh3 Rfe8 15. Nf5 Bf8 16. Nf3 g6 17. Ne3 Rad8 18. Qc2 Bg7 19. Ng4 Nxg4 20. Bxg4 Nf6 21. Bh3 g5 22. Bg2 Rd7 23. Bd4 Qd8 24. Qb2 Re6 25. Rfe1 Rde7 26. Ne5 Qe8 27. f4 gxf4 28. gxf4 Nh5 29. Bh3 Nxf4 30. Bxe6 Rxe6 31. Rf1 Nh3+ 32. Kg2 Bxe5 33. Kxh3 Rg6 34. e4 dxe4 35. dxe4 Qd7+ 36. Rf5 Bxd4 37. Qd2 Rg5 0-1

[Event "Avoine op 28th"]
[Site "Avoine"]
[Date "2013.07.23"]
[Round "4"]
[White "Ballandras, Marc"]
[Black "Maleki, Manuel"]
[Result "0-1"]
[WhiteElo "1867"]
[BlackElo "2271"]
[PlyCount "112"]
[EventDate "2013.07.20"]
[EventType "swiss"]
[EventRounds "9"]
[EventCountry "FRA"]
[SourceTitle "CBM 155 Extra"]
[Source "ChessBase"]
[SourceDate "2013.08.26"]
[SourceVersion "1"]
[SourceVersionDate "2013.08.26"]
[SourceQuality "1"]

1. c4 Nf6 2. Nc3 e6 3. e4 c5 4. e5 Ng8 5. Nf3 d6 6. exd6 Bxd6 7. d4 cxd4 8. Nxd4 a6 9. g3 Nf6 10. Bg2 0-0 11. 0-0 Qc7 12. Ndb5 axb5 13. Nxb5 Qxc4 14. Nxd6 Qa6 15. Nxc8 Rxc8 16. Qb3 Nc6 17. Be3 Ng4 18. Rfd1 Nxe3 19. Qxe3 Rd8 20. a3 Qb5 21. Rd2 Rxd2 22. Qxd2 Rd8 23. Qc2 g6 24. Bxc6 bxc6 25. a4 Qb4 26. Qc3 Qe4 27. a5 h5 28. a6 h4 29. Qe3 Qd5 30. a7 h3 31. f3 c5 32. Kf2 Ra8 33. Qe4 Qd2+ 34. Qe2 Qd4+ 35. Kf1 Qd7 36. Qa6 Qd5 37. Qe2 Qb7 38. Qe4 Rxa7 39. Rxa7 Qxa7 40. Qe5 Qa1+ 41. Kf2 Qc1 42. Qb8+ Kh7 43. Qe5 Qd2+ 44. Qe2 Qd4+ 45. Kf1 e5 46. g4 Kg7 47. Qc2 Kf6 48. Ke2 Qg1 49. Kd3 Qg2 50. Qxc5 Qxf3+ 51. Qe3 Qxg4 52. Qf2+ Kg7 53. Qe3 Qd7+ 54. Kc3 f6 55. b4 Qc6+ 56. Qc5 Qxc5+ 0-1

[Event "Avoine op 24th"]
[Site "Avoine"]
[Date "2009.07.24"]
[Round "7"]
[White "Ballandras, Marc"]
[Black "Godart, Francois"]
[Result "0-1"]
[WhiteElo "1892"]
[BlackElo "2179"]
[PlyCount "52"]
[EventDate "2009.07.18"]
[EventType "swiss"]
[EventRounds "9"]
[EventCountry "FRA"]
[SourceTitle "CBM 131 Extra"]
[Source "ChessBase"]
[SourceDate "2009.09.03"]
[SourceVersion "2"]
[SourceVersionDate "2009.09.16"]
[SourceQuality "1"]

1. c4 c6 2. Nf3 d5 3. b3 Bg4 4. Bb2 Nd7 5. d3 Ngf6 6. Nbd2 e6 7. g3 dxc4 8. bxc4 Bc5 9. e3 Bb4 10. Be2 Nc5 11. Ne5 Bh3 12. Qc2 Qa5 13. Bf1 Bxf1 14. Rxf1 Na4 15. Nef3 Nxb2 16. Qxb2 Bc3 17. Qxb7 0-0 18. Rb1 Ng4 19. Kd1 Rad8 20. Ke2 Bxd2 21. Nxd2 Nxh2 22. Rh1 Ng4 23. Qxc6 Rxd3 24. Qe4 Qxd2+ 25. Kf3 Qxf2+ 26. Kxg4 f5+ 0-1

[Event "Avoine op 21th"]
[Site "Avoine"]
[Date "2006.07.25"]
[Round "4"]
[White "Pallandre, Fabrice"]
[Black "Ballandras, Marc"]
[Result "0-1"]
[WhiteElo "2109"]
[BlackElo "1965"]
[PlyCount "68"]
[EventDate "2006.07.22"]
[EventType "swiss"]
[EventRounds "9"]
[EventCountry "FRA"]
[SourceTitle "EXT 2007"]
[Source "ChessBase"]
[SourceDate "2006.11.23"]
[SourceVersion "1"]
[SourceVersionDate "2006.11.23"]
[SourceQuality "1"]

1. e4 b6 2. d4 Bb7 3. Nc3 e6 4. Nf3 Bb4 5. Bd3 Nf6 6. Qe2 Bxc3+ 7. bxc3 d5 8. exd5 Nxd5 9. Bd2 0-0 10. Qe4 g6 11. c4 Re8 12. Ne5 Nd7 13. cxd5 exd5 14. Qg4 Nxe5 15. dxe5 Rxe5+ 16. Kd1 c5 17. Re1 Qe7 18. Qg3 Rxe1+ 19. Bxe1 Re8 20. Bd2 Qf6 21. Rb1 Qe6 22. f4 f5 23. Qe1 Qf7 24. Qf1 c4 25. Be2 Qf6 26. c3 Bc6 27. Kc1 Qe7 28. Bf3 Qa3+ 29. Rb2 Qc5 30. Kb1 d4 31. Bxc6 Qxc6 32. Rc2 d3 33. Rc1 Re2 34. Rd1 Qa4 0-1

[Event "Avoine op 21th"]
[Site "Avoine"]
[Date "2006.07.24"]
[Round "3"]
[White "Ballandras, Marc"]
[Black "Mauget, Jean Pierre"]
[Result "1-0"]
[WhiteElo "1965"]
[BlackElo "1801"]
[PlyCount "63"]
[EventDate "2006.07.22"]
[EventType "swiss"]
[EventRounds "9"]
[EventCountry "FRA"]
[SourceTitle "EXT 2007"]
[Source "ChessBase"]
[SourceDate "2006.11.23"]
[SourceVersion "1"]
[SourceVersionDate "2006.11.23"]
[SourceQuality "1"]

1. g3 d5 2. Bg2 Nf6 3. d3 e6 4. Nf3 Bd6 5. 0-0 0-0 6. Nbd2 Nbd7 7. c4 c6 8. b3 b6 9. Bb2 Bb7 10. Rc1 Qe7 11. Qc2 Rac8 12. Qb1 Rfd8 13. d4 c5 14. cxd5 exd5 15. e3 Nf8 16. Qa1 Ba6 17. Rfd1 c4 18. bxc4 dxc4 19. Nh4 Ba3 20. Nf5 Qb4 21. Bxa3 Qxa3 22. Rc3 Qa5 23. Ne7+ Kh8 24. Nxc8 Rxc8 25. Ne4 Nd5 26. Rcc1 c3 27. Rc2 Bb5 28. Nd6 Ba4 29. Nxc8 Bxc2 30. Rc1 Bf5 31. Bxd5 Bxc8 32. Qxc3 1-0

[Event "St Chely d'Aubrac op 5th"]
[Site "St Chely d'Aubrac"]
[Date "2005.07.16"]
[Round "9"]
[White "Ballandras, Marc"]
[Black "Gazel, Bruno"]
[Result "1/2-1/2"]
[WhiteElo "1810"]
[BlackElo "1550"]
[PlyCount "98"]
[EventDate "2005.07.09"]
[EventType "swiss"]
[EventRounds "9"]
[EventCountry "FRA"]
[SourceTitle "CBM 107 Extra"]
[Source "ChessBase"]
[SourceDate "2005.09.01"]
[SourceVersion "1"]
[SourceVersionDate "2005.09.01"]
[SourceQuality "1"]

1. c4 e5 2. Nc3 Nf6 3. Nf3 Nc6 4. e4 Bb4 5. d3 Bxc3+ 6. bxc3 h6 7. g3 0-0 8. Bg2 d6 9. 0-0 Ne7 10. Rb1 c5 11. Nh4 g5 12. Nf3 Rb8 13. h4 g4 14. Nh2 Kh7 15. Qd2 Neg8 16. Qe2 Qd7 17. f3 Nh5 18. Qf2 Nhf6 19. f4 Qe6 20. f5 Qe7 21. Qe2 h5 22. Rf2 Re8 23. Bg5 Qf8 24. Qd2 b6 25. Nf1 Bb7 26. Qc1 Qe7 27. Rfb2 Bc6 28. Ne3 Red8 29. Bf1 Qc7 30. Qc2 Rd7 31. a4 Qd8 32. Qb3 Rdb7 33. Qc2 Qd7 34. Ra2 Qc7 35. Nd5 Bxd5 36. cxd5 Qd7 37. Rab2 Qc7 38. Be3 Qe7 39. Be2 Qd8 40. Bd1 Qe7 41. Kg2 Qd7 42. c4 Qc7 43. Qd2 Qd7 44. Bg5 Qe7 45. Bxf6 Nxf6 46. Qg5 Rg8 47. Qd2 Rgb8 48. Kf2 Qd7 49. Ke1 Qe7 1/2-1/2

[Event "St Chely d'Aubrac op 5th"]
[Site "St Chely d'Aubrac"]
[Date "2005.07.11"]
[Round "4"]
[White "Capron, Daniel"]
[Black "Ballandras, Marc"]
[Result "1/2-1/2"]
[WhiteElo "2070"]
[BlackElo "1810"]
[PlyCount "59"]
[EventDate "2005.07.09"]
[EventType "swiss"]
[EventRounds "9"]
[EventCountry "FRA"]
[SourceTitle "CBM 107 Extra"]
[Source "ChessBase"]
[SourceDate "2005.09.01"]
[SourceVersion "1"]
[SourceVersionDate "2005.09.01"]
[SourceQuality "1"]

1. e4 c5 2. b4 cxb4 3. a3 d5 4. exd5 Nf6 5. Bb5+ Bd7 6. Bc4 Qc7 7. Qe2 b5 8. Bb3 Na6 9. axb4 Nxb4 10. Nc3 Nxc2+ 11. Bxc2 b4 12. d6 Qc5 13. dxe7 Bxe7 14. Bb3 bxc3 15. Ba3 cxd2+ 16. Kf1 d1Q+ 17. Bxd1 Qb5 18. Qxb5 Bxb5+ 19. Be2 Bxe2+ 20. Kxe2 Bxa3 21. Rxa3 0-0 22. Nh3 a5 23. Rc1 Rfe8+ 24. Kf1 h6 25. Rc5 Ne4 26. Rd5 a4 27. f3 Nf6 28. Rd4 Reb8 29. Raxa4 Rxa4 30. Rxa4 1/2-1/2

[Event "St Chely d'Aubrac op 5th"]
[Site "St Chely d'Aubrac"]
[Date "2005.07.09"]
[Round "1"]
[White "Ballandras, Marc"]
[Black "Boudre, Jean Pierre"]
[Result "1/2-1/2"]
[WhiteElo "1810"]
[BlackElo "2359"]
[PlyCount "91"]
[EventDate "2005.07.09"]
[EventType "swiss"]
[EventRounds "9"]
[EventCountry "FRA"]
[SourceTitle "CBM 107 Extra"]
[Source "ChessBase"]
[SourceDate "2005.09.01"]
[SourceVersion "1"]
[SourceVersionDate "2005.09.01"]
[SourceQuality "1"]

1. c4 b6 2. Nc3 Bb7 3. e4 e6 4. Nf3 Bb4 5. Bd3 Ne7 6. Bc2 f5 7. Qe2 0-0 8. 0-0 Ng6 9. d4 f4 10. e5 Bxf3 11. Qxf3 Nc6 12. Rd1 Bxc3 13. bxc3 Na5 14. Bd3 c5 15. Re1 Rc8 16. Ba3 Qg5 17. Rac1 Rf7 18. Kh1 Nc6 19. Bxg6 Qxg6 20. dxc5 Na5 21. Qe4 Qh5 22. Bb4 Nc6 23. cxb6 axb6 24. Rb1 f3 25. g3 Qh3 26. Rg1 Nxe5 27. Qh4 Qxh4 28. gxh4 Nxc4 29. Rbd1 d5 30. Rd3 Rf4 31. Rg3 Ne5 32. Re3 Rxb4 33. cxb4 Ng6 34. Rxe6 Rc1+ 35. Rg1 Rc2 36. Rxb6 Rxa2 37. Rd6 Nf4 38. Rd7 g6 39. h5 Nd3 40. h4 Nxf2+ 41. Kh2 Ne4+ 42. Kh3 f2 43. Rf1 Rc2 44. Ra1 Ra2 45. Rc1 Rc2 46. Ra1 1/2-1/2

[Event "Saint Quentin op 4th"]
[Site "Saint Quentin"]
[Date "2001.04.20"]
[Round "7.41"]
[White "Ballandras, Marc"]
[Black "Le Scraigne, Eric"]
[Result "1-0"]
[WhiteElo "1880"]
[BlackElo "1590"]
[PlyCount "83"]
[EventDate "2001.04.15"]
[EventType "swiss"]
[EventRounds "9"]
[EventCountry "FRA"]
[SourceTitle "EXT 2002"]
[Source "ChessBase"]
[SourceDate "2001.11.25"]
[SourceVersion "1"]
[SourceVersionDate "2001.11.25"]
[SourceQuality "1"]

1. c4 e5 2. Nc3 Nf6 3. Nf3 Nc6 4. e4 Bb4 5. d3 d6 6. g3 Bg4 7. Bg2 0-0 8. h3 Bh5 9. 0-0 Bxc3 10. bxc3 h6 11. Rb1 Rb8 12. Qc2 Bg6 13. Be3 b6 14. Nh4 Bh7 15. Qe2 g5 16. Nf5 Bxf5 17. exf5 Ne7 18. g4 Nd7 19. d4 f6 20. Be4 Kg7 21. Kg2 Rh8 22. Rh1 Qe8 23. h4 Rd8 24. Qf3 Qf7 25. d5 Rb8 26. Rh2 Rbg8 27. Rbh1 Nc5 28. Bxc5 bxc5 29. Qh3 Kf8 30. hxg5 Rxg5 31. Rb1 Ng8 32. Kf3 Ke7 33. Rb7 Kd7 34. Qf1 h5 35. Qb1 hxg4+ 36. Ke2 Rxh2 37. Qb5+ Ke7 38. Rxc7+ Kf8 39. Rxf7+ Kxf7 40. Qd7+ Ne7 41. Qe6+ Ke8 42. Bc2 1-0

[Event "Saint Quentin op 4th"]
[Site "Saint Quentin"]
[Date "2001.04.17"]
[Round "4.22"]
[White "Drogou, Gerard"]
[Black "Ballandras, Marc"]
[Result "1-0"]
[WhiteElo "2072"]
[BlackElo "1880"]
[PlyCount "71"]
[EventDate "2001.04.15"]
[EventType "swiss"]
[EventRounds "9"]
[EventCountry "FRA"]
[SourceTitle "EXT 2002"]
[Source "ChessBase"]
[SourceDate "2001.11.25"]
[SourceVersion "1"]
[SourceVersionDate "2001.11.25"]
[SourceQuality "1"]

1. d4 b5 2. e4 Bb7 3. Bd3 c5 4. c3 e6 5. Nf3 c4 6. Bc2 Nf6 7. Nbd2 Be7 8. 0-0 d6 9. Qe2 Nbd7 10. b3 Rc8 11. bxc4 bxc4 12. Rb1 Qc7 13. Ba3 Nb6 14. e5 Bxf3 15. gxf3 dxe5 16. Bxe7 Kxe7 17. dxe5 Nfd5 18. Qe4 Nxc3 19. Qh4+ Kf8 20. Rbe1 Qe7 21. Qg3 h6 22. f4 Nbd5 23. Nf3 Qc5 24. f5 Rg8 25. fxe6 fxe6 26. Qg4 Ke7 27. Nd4 Qb6 28. Bg6 Rcf8 29. Ne2 Nxe2+ 30. Qxe2 Nf4 31. Qxc4 Nxg6 32. Rb1 Nxe5 33. Qe4 Qa5 34. Rb7+ Nd7 35. Re1 Qd5 36. Qxd5 1-0

[Event "Saint Quentin op 4th"]
[Site "Saint Quentin"]
[Date "2001.04.16"]
[Round "3.38"]
[White "Ballandras, Marc"]
[Black "Mazaltob, Gerald"]
[Result "1-0"]
[WhiteElo "1880"]
[BlackElo "1440"]
[PlyCount "93"]
[EventDate "2001.04.15"]
[EventType "swiss"]
[EventRounds "9"]
[EventCountry "FRA"]
[SourceTitle "EXT 2002"]
[Source "ChessBase"]
[SourceDate "2001.11.25"]
[SourceVersion "1"]
[SourceVersionDate "2001.11.25"]
[SourceQuality "1"]

1. d4 d5 2. c4 Nf6 3. cxd5 Nxd5 4. Nf3 e6 5. e4 Nb6 6. Bd3 Nc6 7. 0-0 Bd7 8. Nc3 Ne7 9. Be3 a6 10. Rc1 h6 11. Ne5 Nec8 12. Qh5 Nd6 13. f4 g6 14. Nxg6 fxg6 15. Qxg6+ Nf7 16. d5 Qe7 17. Bd4 0-0-0 18. Bxh8 Nxh8 19. Qg3 exd5 20. Nxd5 Nxd5 21. exd5 Qd6 22. Be4 Qf6 23. Qc3 Qxc3 24. bxc3 b6 25. f5 Bd6 26. Bd3 a5 27. Rce1 Nf7 28. f6 Ne5 29. Bf5 Nf7 30. Be6 Rf8 31. Kh1 Kd8 32. Bxd7 Kxd7 33. Re3 Bc5 34. Rg3 Ng5 35. h4 Bd6 36. Rg4 Nf7 37. Rg7 Ke8 38. g4 Be5 39. c4 Kd7 40. g5 hxg5 41. hxg5 Rh8+ 42. Kg1 Bd4+ 43. Kg2 Ke8 44. Re1+ Kf8 45. Rf1 Be5 46. g6 Nd8 47. Rd7 1-0